000 01284nam a2200325 a 4500
001 000111341
003 CHAP
005 20220329144207.0
008 150327s2015 mx a |sm |||||||spa d
010 _a107803
011 _a108775
040 _cCHAP
090 _aTesis
100 1 _aRodríguez Serrano, Andrés Camilo
_9129196
245 1 0 _aPérdida y prosperidades físicas, químicas y biológicas de un suelo para la producción de maíz bajo sistemas agroforestales y monocultivos
_h[En línea]
_cpor Andrés Camilo Rodríguez Serrano.
260 _aChapingo, Méx. :
_bEl autor,
_c2015.
500 _aPara ver el contenido del material haga clic en la liga
502 _aTesis (M.C. en Agroforestería para el Desarrollo Sostenible) -- UACH. Departamento Enseñanza, Investigación y Servicio en Suelos
590 _aE5652GLJ
_b05
_c20150327
_lUCH01
_h0955
590 _aE5652GLJ
_b05
_c20150327
_lUCH01
_h0955
590 _aE5652GLJ
_b05
_c20150414
_lUCH01
_h0951
650 1 4 _aCultivos asociados.
_930370
650 1 4 _aEscurrimiento.
_937675
650 1 4 _aMaíz
_xProducción
_zMéxico.
_9128410
650 1 4 _aSuelos
_xAnálisis.
_9110204
856 _aFinding aid
_uhttp://10.13.5.2/tesis/sist111341.pdf
_zTeclea aquí
901 _aBK
942 _cTESIS
942 _n0
999 _c107803
_d107803